Knowledge based systems methods : a practitioners’ guide

Uloženo v:
Podrobná bibliografie
Hlavní autor: Harris-Jones, Christopher
Médium: Kniha
Jazyk:Undetermined
Vydáno: London,New York Prentice-Hall 1995
Témata:
Tagy: Přidat tag
Žádné tagy, Buďte první, kdo otaguje tento záznam!
Thư viện lưu trữ: Trung tâm Học liệu Trường Đại học Cần Thơ
LEADER 00558nam a2200193Ia 4500
001 CTU_86971
008 210402s9999 xx 000 0 und d
082 |a 006.33 
082 |b H313 
100 |a Harris-Jones, Christopher 
245 0 |a Knowledge based systems methods : 
245 2 |b a practitioners’ guide 
245 0 |c Christopher Harris-Jones. 
260 |a London,New York 
260 |b Prentice-Hall 
260 |c 1995 
650 |a Expert systems (computer science) 
904 |i Năm 
980 |a Trung tâm Học liệu Trường Đại học Cần Thơ